000 00588nam a22001937a 4500
999 _c1200
_d1200
003 AR-CdUCM
008 190226b ||||| |||| 00| 0 spa d
040 _aMUNICIPALIDAD PROVINCIAL DEL CUSCO
_cBIBLIOTECA MUNICIPAL DEL CUSCO
082 _a869.56 /
_bB73
100 _aBonet Rodriguez, Hugo
_94683
245 _aQosqo: Cruz, hoz y martillo :
_btestimonio de parte /
260 _aCusco :
_bJL editores,
300 _a355 páginas ;
_c20 cm.
650 _aLiteratura cusqueña
_9164
650 _aNovela
_95
650 _aTemática política
_94684
942 _2ddc
_cLIBROS
945 _azta